Стильова специфіка комедій О.Уальда і Б.Шоу (Запис № 284210)
[ простий вигляд ]
| 000 -LEADER | |
|---|---|
| fixed length control field | 01089nam a22001577a 4500 |
| 041 ## - LANGUAGE CODE | |
| Language code of text/sound track or separate title | ukr |
| 080 ## - UNIVERSAL DECIMAL CLASSIFICATION NUMBER | |
| Universal Decimal Classification number | 09 |
| 090 ## - LOCALLY ASSIGNED LC-TYPE CALL NUMBER (OCLC); LOCAL CALL NUMBER (OCLC) | |
| Local cutter number (OCLC) ; Book number/undivided call number, CALL (RLIN) | МАТ |
| 100 ## - MAIN ENTRY--PERSONAL NAME | |
| Personal name | Матвійчук Т.С. |
| 245 ## - TITLE STATEMENT | |
| Title | Стильова специфіка комедій О.Уальда і Б.Шоу |
| 260 ## - PUBLICATION, DISTRIBUTION, ETC. (IMPRINT) | |
| Place of publication, distribution, etc | Острог |
| Name of publisher, distributor, etc | КАФ |
| Date of publication, distribution, etc | 2009 |
| 300 ## - PHYSICAL DESCRIPTION | |
| Extent | 70 |
| 520 ## - SUMMARY, ETC. | |
| Summary, etc | ВСТУП<br/>РОЗДІЛ 1 МОДЕРНІЗМ У ТВОРЧОСТІ О.УАЛЬДА ТА Б.ШОУ<br/>1.1 Модернізм як художня система.<br/>1.2 Модерна концепція мистецтва О.Уальда.<br/>1.3 Естетика "нової драми" Б.Шоу:інтелектуальний театр.<br/>РОЗДІЛ 2 СТИЛЬОВІ ОСОБЛИВОСТІ КОМЕДІЙ О.УАЛЬДА І Б.ШОУ<br/>2.1 Жанрова структура комедій Б.Шоу і О.Уальда.<br/>2.2 Стильові засоби в комедіях О.Уальда.<br/>2.3 Стильовий метод Б.Шоу.<br/>ВИСНОВКИ |
| -- | модернізм,О.Уальд,Б.Шоу,комедія |
| 650 ## - SUBJECT ADDED ENTRY--TOPICAL TERM | |
| Topical term or geographic name as entry element | Research Papers |
| 942 ## - ADDED ENTRY ELEMENTS (KOHA) | |
| Koha item type | Книги |
| Withdrawn status | Lost status | Source of classification or shelving scheme | Damaged status | Not for loan | Home library | Current library | Date acquired | Source of acquisition | Cost, normal purchase price | Total Checkouts | Full call number | Barcode | Date last seen | Price effective from | Koha item type |
|---|---|---|---|---|---|---|---|---|---|---|---|---|---|---|---|
| Universal Decimal Classification | ВІЛ - Відділ іноземн. літератури НБ | ВІЛ - Відділ іноземн. літератури НБ | 16/04/2009 | Акт №1 | 1.00 | 09 | 213464 | 15/12/2021 | 16/04/2009 | Книги |